Leader xxxxxxxxxx
001 __ PCLIS00039085
005 __ 20220105144944.0
010 0_ |a957-8323-64-6|b平裝|dNT$250
100 __ |a20080508d2005 m y0chiy09 e
101 0_ |achi
102 __ |atw
105 __ |aa z 000zd
200 1_ |a走風的人.我的獵人父親|e獵人學校招生中!|f亞榮隆.撒可努作
205 __ |a一版
210 __ |a臺北縣板橋市|c耶魯國際文化出版|c農學總經銷|d2005[民94]
215 0_ |a348面|c圖|d21公分
225 2_ |a易讀書坊|vE003
300 __ |a著者漢名戴志強
300 __ |a作者號由t038取自撒可努,t561改取亞榮隆
410 _0 |12001 |a易讀書坊|vE003
461 _1 |12001 |a山豬.飛鼠.撒可努
517 1_ |a獵人學校招生中!|zchi
606 __ |2cst|a原住民
606 __ |2cst|a排灣族
606 __ |2cst|a打獵|x通俗作品
681 __ |a536.3361|b8464
681 __ |a993.8|b8758
700 _1 |a亞榮隆.|b撒可努|4著
801 _0 |atw|b內湖高中|c20080508|gCCR
801 _2 |atw|b內湖高中|c20220105|gCCR
|